006020000a220009700045001000030000002450087000303000051001175000033001685200258002017730045004591 aGonzález A, Juan Carlos10aLa habitación del pánico : El 24 de noviembre se estrena Al final del espectro aVol.0, núm.14 (Noviembre, 2006), Página 26 aMédico, Crítico de cine. aUn equipo de cineastas paisas está dispuesto a demostrar que se puede hacer cine de género con calidad en Colombia. Por ello, filmó una película de horror tan prometedora que se están negociando sus derechos en Estados Unidos. ¿Quienes son?0 tArcadia / Andrés Felipe Solano, Editor